| 000 | 00485nam a22001937a 4500 | ||
|---|---|---|---|
| 005 | 20240331195845.0 | ||
| 008 | 240331b |||||||| |||| 00| 0 hin d | ||
| 020 | _a9788190854503 | ||
| 040 | _aNISER LIBRARY | ||
| 041 | _aOdia | ||
| 082 |
_a82-31=214.36 _bRAY-M |
||
| 100 | _aRay, Pratibha | ||
| 245 | _aମଗ୍ନମାଟି / Magnamati | ||
| 250 | _a4th ed. | ||
| 260 |
_aCuttack : _bAdya Prakashani , _c2021 |
||
| 300 | _a609p. | ||
| 650 | _aOdia literature | ||
| 942 | _cOC | ||
| 999 |
_c34767 _d34767 |
||